=LDR 00000nam 2200000 4500 =001 INLIS000000000032317 =005 20130612134329 =008 ***********************************ind** =035 ##$$a0010-061300000032317 =041 ##$$a ind =082 ##$$a 2x4.3 =090 ##$$a 2x4.3, Sha m =100 ##$$a Shalih, Syaikh Fuad =245 ##$$a Untukmu Yang Akan Menikah =260 ##$$a [sa] $b Jakarta =300 ##$$a 426 hlm, 21 cm =650 ##$$a Islam-Perkawinan =700 ##$$a Fadhil, Ahmad =850 ##$$a NBPNMAT =990 ##$$a 93475/BPAP-NTB/2014 =990 ##$$a 21400613/BPAP-NTB/20142014